000 00604nam a2200217Ii 4500
003 JO-AjNU
008 230606s9999||||xx |||||||||||||| ||und||
020 _a1-872810-01-2
040 _aJO-AjNU
_beng
_erda
_cJO-AjNU
041 _aeng
050 1 4 _aHF5601 1992
100 3 _aKerrigan,John,
_eauthor
_93283
245 0 0 _aModern Accounting Vol.1
250 _a2 ed
264 3 1 _aJohn Kerrigan,1992
300 _aVol.1, 474p
_bIncludes indexes 469-474 p
336 _atext
_btxt
_2rdacontent
337 _aunmediated
_bn
_2rdamedia
338 _avolume
_bnc
_2rdacarrier
650 4 _a Accounting
_93284
999 _aE1717
_c1717
_d1717